| 000 | 00644nam a2200205 i 4500 | ||
|---|---|---|---|
| 001 | bg | ||
| 100 | 1 |
_aWyrzykowski, Roman _d(?-2000). |
|
| 245 | 1 | 0 |
_aMetody matematyczne w akustyce teoretycznej / _cRoman Wyrzykowski ; Wyższa Szkoła Pedagogiczna w Rzeszowie. |
| 260 |
_aRzeszów : _bWydawnictwo Wyższej Szkoły Pedagogicznej, _c1975. |
||
| 300 |
_a224 s. : _bil. ; _c20 cm. |
||
| 504 | _aBibliogr. s. 223-224. | ||
| 650 | 9 |
_aAkustyka _xteoria |
|
| 650 | 9 |
_aAnaliza matematyczna _xstosowanie _xfizyka |
|
| 040 | _cBPK | ||
| 041 | _apol | ||
| 044 | _aPOL | ||
| 080 | _a534:517 | ||
| 942 | _cKS | ||
| 008 | s pl f |000 0 pol | ||
| 999 |
_c50779 _d50779 |
||
| 856 |
_uhttp://koha.tu.koszalin.pl/cgi-bin/koha/opac-detail.pl?biblionumber=50779 _yKatalog online BPK |
||